| 000 | 00616nam a22002057a 4500 | ||
|---|---|---|---|
| 003 | OSt | ||
| 005 | 20240215114925.0 | ||
| 008 | 170515t xxu||||| |||| 00| 0 eng d | ||
| 020 | _a9783037681084 | ||
| 040 | _c0 | ||
| 082 |
_a725.56 _bUFF |
||
| 100 | 1 |
_aUffelen, Chris van _9118865 |
|
| 245 | 1 | 0 |
_aResidential architecture for senior citizens/ _cChris van Uffelen |
| 260 |
_aLondon; _bBraun, _c2012. |
||
| 300 |
_a263p.: _bill; _c29 cm. |
||
| 651 |
_aOlder people _vDwellings _9120527 |
||
| 651 |
_aCongregate housing _9120528 |
||
| 651 |
_aLife care communities _9120529 |
||
| 942 |
_2ddc _cBK _aSADA _k725.56 UFF 2012 |
||
| 999 |
_c607764 _d607764 |
||